000 00356nam a2200133Ia 4500
008 151001s9999||||xx |||||||||||||| ||und||
100 _aलता बहिरट
245 _aइट्स ओके
250 _a1
260 _b"निखील प्रकाशन, कोल्हापूर"
260 _c2013
300 _a264
365 _b21
999 _c999828
_d999825